| 000 | 01402nam2a2200313 4500 | ||
|---|---|---|---|
| 001 | RU\NLR\BIBL_A\012472021 | ||
| 005 | 20250806201634.0 | ||
| 035 | _a(NLR Aleph) 012472021 | ||
| 090 |
_a55331 _c55331 |
||
| 100 | _a20250806 rusy50 | ||
| 101 | 0 | _arus | |
| 102 | _aRU | ||
| 135 | _acrcn 024anaba | ||
| 200 | 0 | _a1943, № 263 (7440) (31 дек.) | |
| 210 | _d1943 | ||
| 316 |
_aЭкз. деф.: лист сильно поврежден, утрачена значительная часть текста _5NLR Р613 |
||
| 325 | 1 | _aКопия доступна в электронной библиотеке РНБ | |
| 461 | 0 |
_1001RU\NLR\DIGIT\NP\000412 _12001#$aВолжская коммуна$eсамарская областная общественно-политическая газета$v1943, № 263 (7440) (31 дек.) |
|
| 852 |
_aNLR _jР613 |
||
| 856 | 0 | _uhttps://vivaldi.nlr.ru/ap000064780/view | |
| 856 | 1 | _uhttps://vivaldi.nlr.ru/ap000064780/cover | |
| 856 | 2 | _uhttps://vivaldi.nlr.ru/ap000064780/text | |
| 901 | _eГазеты | ||
| 942 | _cISSNP | ||
| 945 | _aРоссийская национальная библиотека | ||
| 980 | _aNB | ||
| 980 | _aBV | ||
| 981 | 2 | 7 |
_a(27) Периодические издания _b(27) Газеты |